Pakistan: (Record no. 77832)

MARC details
000 -LEADER
fixed length control field 00743cam a22002651 4500
001 - CONTROL NUMBER
control field sa 68001250
003 - CONTROL NUMBER IDENTIFIER
control field DLC
005 - DATE AND TIME OF LATEST TRANSACTION
control field 20260227112431.0
008 - FIXED-LENGTH DATA ELEMENTS--GENERAL INFORMATION
fixed length control field 710903s1967 pk b 00010 eng
010 ## - LIBRARY OF CONGRESS CONTROL NUMBER
LC control number sa 68001250 //r97
025 ## - OVERSEAS ACQUISITION NUMBER
Overseas acquisition number PL480:EP-E-442
040 ## - CATALOGING SOURCE
Original cataloging agency DLC
Transcribing agency DLC
Modifying agency DLC
043 ## - GEOGRAPHIC AREA CODE
Geographic area code a-pk---
050 00 - LIBRARY OF CONGRESS CALL NUMBER
Classification number JQ543 1967
Item number .R3
082 00 - DEWEY DECIMAL CLASSIFICATION NUMBER
Classification number 320.9/549
100 10 - MAIN ENTRY--PERSONAL NAME
Personal name Rashiduzzaman, M.
245 10 - TITLE STATEMENT
Title Pakistan:
Remainder of title a study of government and politics
Statement of responsibility, etc. [by] M. Rashiduzzaman.
250 ## - EDITION STATEMENT
Edition statement [1st ed.]
260 0# - PUBLICATION, DISTRIBUTION, ETC.
Place of publication, distribution, etc. Dacca,
Name of publisher, distributor, etc. Ideal Library
Date of publication, distribution, etc. [1967]
300 ## - PHYSICAL DESCRIPTION
Extent 284 p.
Dimensions 23 cm.
350 ## - PRICE (NR) (BK AM CF MU VM SE) [OBSOLETE]
Price Rs11
504 ## - BIBLIOGRAPHY, ETC. NOTE
Bibliography, etc. note Bibliographical footnotes.
651 #0 - SUBJECT ADDED ENTRY--GEOGRAPHIC NAME
Geographic name Pakistan
General subdivision Politics and government.
650 #0 - SUBJECT ADDED ENTRY--TOPICAL TERM
Topical term or geographic name entry element Constitutional history
Geographic subdivision Pakistan.

No items available.

Powered by Koha